[Event "Open A"]
[Site "Benidorm ESP"]
[Date "2006.12.05"]
[Round "5"]
[White "Fokin,Se RUS"]
[Black "Lacrosse,M"]
[Result "1-0"]
[WhiteElo "2157"]
[BlackElo "2238"]

1.d4 d5 2.c4 e6 3.Nf3 Nf6 4.Nc3 c6 5.e3 Nbd7 6.Qc2 Bd6 7.g4 Bb4 8.Bd2 Bxc3
9.Bxc3 Qe7 10.Rg1 b6 11.Nd2 h6 12.O-O-O Bb7 13.h4 g5 14.hxg5 hxg5 15.f4 Rg8
16.Be2 O-O-O 17.fxg5 Rxg5 18.e4 dxe4  1-0

[Event "Open A"]
[Site "Benidorm ESP"]
[Date "2006.12.06"]
[Round "6"]
[White "Uribe Arteaga,D"]
[Black "Bolado Saez,S"]
[Result "1/2-1/2"]
[WhiteElo "2202"]
[BlackElo "2297"]

1.d4 c6 2.c4 d5 3.Nf3 Nf6 4.Nc3 e6 5.e3 Nbd7 6.Qc2 Bd6 7.Be2 O-O 8.O-O dxc4
9.Bxc4 b5 10.Be2 Bb7 11.Rd1 Qb8 12.e4 e5 13.dxe5 Nxe5 14.Nd4 Ng6 15.g3 b4
16.Na4 c5 17.Nxc5 Rc8 18.Ndb3 Nxe4 19.Be3 a5 20.f3 Nxc5 21.Nxc5 Bxg3 22.Qf5 Bxh2+
23.Kh1 Bc6 24.Bc4 Qg3 25.Bxf7+ Kh8 26.Ne4 Qh4 27.Qg4 Be5+ 28.Qxh4 Nxh4 29.Bh5 Bxb2
30.Rab1 Be5 31.Bf2 Bxe4 32.fxe4 Rc2 33.Kg1 Ng6 34.Rd5 Bh2+ 35.Kxh2 Rxf2+
36.Kg3 Rxa2 37.Rbd1 Rf8 38.Bg4 Ra3+ 39.Kh2 Nf4 40.Rf5 Kg8  1/2-1/2

[Event "FSGM December"]
[Site "Budapest HUN"]
[Date "2006.12.06"]
[Round "5"]
[White "Banusz,T"]
[Black "Pataki,G"]
[Result "0-1"]
[WhiteElo "2450"]
[BlackElo "2370"]

1.d4 d5 2.c4 c6 3.Nf3 Nf6 4.Nc3 e6 5.e3 Nbd7 6.Bd3 dxc4 7.Bxc4 b5 8.Bd3 Bb7
9.e4 b4 10.Na4 c5 11.e5 Nd5 12.Nxc5 Bxc5 13.dxc5 Nxc5 14.Bb5+ Kf8 15.O-O h6
16.Qe2 Qb6 17.Be3 Nxe3 18.fxe3 g6 19.Nd4 Kg7 20.Rac1 Rhf8 21.Rf6 Qc7 22.Rxe6 fxe6
23.Rxc5 Qb6 24.Qg4 Kh7 25.Nxe6 Rf7 26.Bd3 Rg8 27.Qc4 Re7 28.Nf4 Ba6 29.Qd4 Bxd3
30.Nd5 Rf8 31.h3 Qe6 32.Qxd3 Rd7 33.e4 Kg7 34.Nc7 Qf7 35.Nd5 Qf2+ 36.Kh1 Qxc5
37.e6 Rd6 38.e7 Re8  0-1

[Event "Steinhart Mem"]
[Site "Herzeliya ISR"]
[Date "2006.12.07"]
[Round "1"]
[White "Lerner,K"]
[Black "Haimovich,T"]
[Result "1/2-1/2"]
[WhiteElo "2529"]
[BlackElo "2436"]

1.d4 Nf6 2.c4 e6 3.Nf3 d5 4.Nc3 c6 5.e3 Nbd7 6.Qc2 Bd6 7.g4 h6 8.Bd2 Qc7
9.h3 dxc4 10.Bxc4 b5 11.Be2 Bb7 12.g5 hxg5 13.Nxg5 a6 14.Nce4 Nxe4 15.Nxe4 c5
16.Bf3 Be7 17.dxc5 Ne5 18.Bg2 f5 19.c6 Bxc6 20.Ng3 Rc8 21.Bxc6+ Qxc6 22.Qxc6+ Rxc6
23.Bc3 Bf6 24.Kf1 Nd3 25.Ne2 Ke7 26.a4 b4 27.Bxf6+ Kxf6 28.Nd4 Rc7 29.Ke2 Nc5
30.f4 Ne4 31.Rhc1 Rxc1 32.Rxc1 Rxh3 33.Rc6 Rh2+ 34.Kd3 Rxb2 35.Rxe6+ Kf7
36.Kc4 a5 37.Ra6 Nd2+ 38.Kb5 g6 39.Ra7+ Kf6 40.Ra6+ Kf7 41.Rxa5 Nf1 42.Ra7+ Kf6
43.Ra6+ Kf7 44.Ra7+ Kf6 45.Ra6+ Kf7  1/2-1/2

[Event "Open"]
[Site "Granada ESP"]
[Date "2006.12.08"]
[Round "5"]
[White "Radovanovic,J"]
[Black "Korneev,O"]
[Result "0-1"]
[WhiteElo "2331"]
[BlackElo "2657"]

1.d4 d5 2.Nf3 Nf6 3.c4 e6 4.Nc3 c6 5.e3 Nbd7 6.Ne5 Bb4 7.Bd2 O-O 8.Qc2 Nxe5
9.dxe5 Ng4 10.a3 Ba5 11.b4 Bb6 12.c5 Bc7 13.f4 f6 14.h3 Nh6 15.exf6 Qxf6
16.O-O-O e5 17.fxe5 Bxe5 18.g4 Nf7 19.Bd3 Qh4 20.Ne2 Bd7 21.Nd4 Ng5 22.Bc3 Rae8
23.Bf5 Bxd4 24.Bxd4 Bxf5 25.gxf5 Nf3 26.Bb2 Rxe3 27.Qg2 Qc4+ 28.Kb1 d4 29.Rhf1 Re2  0-1

[Event "Steinhart Mem"]
[Site "Herzeliya ISR"]
[Date "2006.12.08"]
[Round "2"]
[White "Lerner,K"]
[Black "Deutsch,E"]
[Result "1/2-1/2"]
[WhiteElo "2529"]
[BlackElo "2363"]

1.d4 d5 2.c4 c6 3.Nc3 Nf6 4.e3 e6 5.Nf3 Nbd7 6.Qc2 Bd6 7.g4 Nxg4 8.Rg1 f5
9.h3 Ngf6 10.Rxg7 Ne4 11.Bd2 Qf6 12.Rg2 Nf8 13.O-O-O Ng6 14.Be1 Bd7 15.Kb1 Ke7
16.Ka1 Rhb8  1/2-1/2

[Event "UTD GM Invitational"]
[Site "Dallas USA"]
[Date "2006.12.09"]
[Round "5"]
[White "Ramirez,Alej"]
[Black "Zivanic,M"]
[Result "1-0"]
[WhiteElo "2485"]
[BlackElo "2451"]

1.d4 d5 2.c4 c6 3.Nf3 Nf6 4.Nc3 e6 5.e3 Nbd7 6.Qc2 Bd6 7.g4 Bb4 8.Bd3 dxc4
9.Bxc4 b5 10.Be2 Bb7 11.g5 Nd5 12.e4 Nxc3 13.bxc3 Be7 14.Bf4 Rc8 15.O-O O-O
16.Rad1 Qb6 17.c4 c5 18.d5 exd5 19.cxd5 c4 20.Nd4 g6 21.Bg4 Rcd8 22.a4 a6
23.a5 Qc5 24.Qc3 Bd6 25.Ne6 fxe6 26.Bxe6+ Rf7 27.e5 Qa3 28.Bxf7+ Kxf7 29.e6+ Kg8
30.Qxa3 Bxa3 31.Bc7 Rf8 32.exd7 Be7 33.Rfe1 Kf7 34.Rd4 Bxg5 35.h4 Bf6 36.Rf4  1-0

[Event "Bundesliga 2006-7"]
[Site "Solingen GER"]
[Date "2006.12.09"]
[Round "5"]
[White "L'Ami,E"]
[Black "Stellwagen,D"]
[Result "1/2-1/2"]
[WhiteElo "2593"]
[BlackElo "2576"]

1.d4 d5 2.c4 c6 3.Nf3 Nf6 4.Nc3 e6 5.e3 Nbd7 6.Bd3 dxc4 7.Bxc4 b5 8.Bd3 Bb7
9.e4 b4 10.Na4 c5 11.e5 Nd5 12.O-O Rc8 13.Nxc5 Nxc5 14.dxc5 Bxc5 15.Ng5 Be7
16.Nxh7 g6 17.Bb5+ Bc6 18.Bxc6+ Rxc6 19.Qa4 Qd7 20.Nf6+ Nxf6 21.exf6 Bxf6
22.Qxb4 Rh4 23.Qb8+ Rc8 24.Qg3 Qc7 25.Be3 Qxg3 26.hxg3 Ra4 27.b3 Bxa1 28.bxa4 Be5
29.Bxa7 Ra8 30.Bc5 Rxa4 31.a3 Rc4 32.Bb4 Bd4 33.Rd1 e5 34.g4 f5 35.gxf5 gxf5
36.Kf1 Kf7 37.Ke2 Ke6 38.Rd2 Rc1 39.Ra2 Kd5 40.g3 Rh1 41.Bd2 Ke4 42.a4 Rh2
43.Be1 f4 44.gxf4 exf4 45.Ra3 Be3 46.a5 f3+ 47.Kd1 Bxf2 48.Bxf2 Rxf2 49.a6 Rf1+
50.Kd2 f2 51.Ke2 Rh1 52.Kxf2 Rh8 53.a7 Ra8 54.Ra5 Kd4 55.Kf3 Kc4 56.Ke4 Kb4
57.Ra1 Kc5 58.Ke5 Kb6 59.Kd6 Rxa7 60.Rb1+ Ka5 61.Ra1+ Kb6 62.Rxa7 Kxa7  1/2-1/2

[Event "UTD GM Invitational"]
[Site "Dallas USA"]
[Date "2006.12.10"]
[Round "7"]
[White "Bradford,J"]
[Black "Novikov,I"]
[Result "0-1"]
[WhiteElo "2451"]
[BlackElo "2568"]

1.d4 d5 2.c4 e6 3.Nc3 c6 4.e3 Nf6 5.Nf3 Nbd7 6.Bd3 dxc4 7.Bxc4 b5 8.Bd3 Bb7
9.O-O b4 10.Ne4 Be7 11.Nxf6+ Nxf6 12.e4 O-O 13.e5 Nd7 14.Be4 Rb8 15.a3 bxa3
16.b4 h6 17.Qa4 Nb6 18.Qxa3 a5 19.Qb3 Ba6 20.Bb1 Bxf1 21.Qc2 g6 22.bxa5 Bb5
23.axb6 Qxb6 24.Ba2 Kg7 25.h4 Rh8 26.Be3 Qa6 27.Kh2 Ra8 28.h5 Bd3 29.Qd2 gxh5
30.Bb1 Qxa1 31.Qxd3 Rab8 32.Bc2 Rb2 33.d5 cxd5 34.Bd4 Qa3 35.Bxb2 Qxb2 36.Nd4 Qc1
37.g3 h4 38.Nxe6+ fxe6 39.Qg6+ Kf8 40.Ba4 hxg3+ 41.Kg2 Qg5  0-1

[Event "XV Asiad Classical"]
[Site "Doha QAT"]
[Date "2006.12.10"]
[Round "5"]
[White "Hassan,Ab"]
[Black "Amanov,M"]
[Result "0-1"]
[WhiteElo "2311"]
[BlackElo "2339"]

1.d4 d5 2.Nf3 Nf6 3.c4 e6 4.Nc3 c6 5.e3 Nbd7 6.Qc2 Be7 7.Bd3 dxc4 8.Bxc4 b5
9.Bd3 a6 10.O-O Bb7 11.a4 O-O 12.e4 b4 13.Ne2 h6 14.Nf4 c5 15.d5 e5 16.Ne2 Ne8
17.Ng3 Nd6 18.b3 Rc8 19.Bb2 Bf6 20.a5 g6 21.Qe2 Ra8 22.h4 h5 23.Bc1 Bxh4
24.Nxh4 Qxh4 25.Bh6 Rfe8 26.Qe3 Qf6 27.Bg5 Qg7 28.f4 exf4 29.Bxf4 Ne5 30.Bc2 Nb5
31.Bd1 Nd4 32.Bh6 Qh8 33.Qg5 Nd7 34.Bxh5 Re5 35.Qf4 Qf6 36.Qg4 Qd6 37.Bf4 Kf8
38.Bxe5 Nxe5 39.Qg5 gxh5 40.Rf6 Qe7 41.d6 Nef3+ 42.gxf3 Nxf3+ 43.Kf2 Nxg5
44.dxe7+ Kxe7 45.Rb6 Nxe4+ 46.Ke3 Nxg3 47.Rxb7+ Ke6 48.Kf3 Nf5 49.Re1+ Kd5
50.Rh1 Nd4+ 51.Ke3 Nxb3 52.Rxh5+ Kc4 53.Rh4+ Kc3 54.Rxf7 Nxa5 55.Ke2 Re8+
56.Kd1 Rd8+ 57.Ke1 c4 58.Rf6 b3 59.Rh3+ Rd3 60.Rxd3+ cxd3  0-1

[Event "22nd Voivoda Cup"]
[Site "Legnica POL"]
[Date "2006.12.10"]
[Round "4"]
[White "Cherednichenko,S"]
[Black "Savchenko,S"]
[Result "0-1"]
[WhiteElo "2273"]
[BlackElo "2532"]

1.d4 d5 2.c4 e6 3.Nc3 c6 4.e3 Nf6 5.Nf3 Nbd7 6.Bd3 dxc4 7.Bxc4 b5 8.Bd3 Bb7
9.O-O a6 10.a3 c5 11.dxc5 Nxc5 12.Bc2 Qxd1 13.Rxd1 Rc8 14.Ra2 Be7 15.b4 Ncd7
16.Ne2 Bd5 17.Rb2 Nb6 18.Bd3 O-O 19.Nf4 Be4 20.Rb3 Rfd8 21.Bb2 Nc4 22.Bd4 Bxf3
23.gxf3 e5 24.Ne2 exd4 25.Nxd4 g6 26.f4 Nb6 27.Kg2 Nfd5 28.Kf3 Bf6 29.Be4 Nc3
30.Rd3 Nxe4 31.Kxe4 Nc4 32.Rb1 Bxd4 33.exd4 Rd7 34.Ra1 Re8+ 35.Kf3 Red8 36.Ke4 f5+
37.Kf3 Rxd4 38.Rxd4 Rxd4 39.a4 bxa4 40.Rxa4 Rd3+  0-1

[Event "13th Open A"]
[Site "Zadar CRO"]
[Date "2006.12.12"]
[Round "2"]
[White "Saric,A"]
[Black "Pavasovic,D"]
[Result "1-0"]
[WhiteElo "2489"]
[BlackElo "2575"]

1.d4 d5 2.Nf3 Nf6 3.c4 e6 4.Nc3 c6 5.e3 Nbd7 6.Qc2 Bd6 7.b3 O-O 8.Be2 b6
9.O-O Bb7 10.Bb2 Qe7 11.Rfe1 Rfe8 12.e4 Nxe4 13.Nxe4 dxe4 14.Qxe4 Bb4 15.Red1 Ba3
16.Bxa3 Qxa3 17.Qf4 Nf6 18.Ne5 Qe7 19.Bf3 Qc7 20.Qe3 Rad8 21.b4 b5 22.Qc3 Rc8
23.Rdc1 Qb8 24.a4 bxc4 25.Qxc4 Nd5 26.Qc5 Red8 27.g3 Rd6 28.Nc4 Rdd8 29.Rab1 g6
30.h4 h5 31.Ne5 Ba8 32.Be4 Kg7 33.Rb3 Rc7 34.Kh2 Nf6 35.Bf3 Nd7 36.Qc3 Nxe5
37.dxe5 Rdd7 38.Qe3 Qd8 39.Rc4 a5 40.bxa5 c5 41.Qf4 Bd5 42.Bxd5 exd5 43.Rc1 d4
44.Rb6 d3 45.e6 fxe6 46.Rxe6 Qf8 47.Rxg6+ Kxg6 48.Qxf8 c4 49.Re1 Rf7 50.Qg8+ Rg7
51.Qe6+ Kh7 52.Re5  1-0

[Event "13th Open A"]
[Site "Zadar CRO"]
[Date "2006.12.12"]
[Round "3"]
[White "Tratar,M"]
[Black "Gagarin,V"]
[Result "1/2-1/2"]
[WhiteElo "2483"]
[BlackElo "2406"]

1.Nf3 d5 2.d4 Nf6 3.c4 c6 4.Nc3 e6 5.e3 Nbd7 6.Qc2 Bd6 7.Bd3 O-O 8.O-O dxc4
9.Bxc4 b5 10.Be2 Bb7 11.Rd1 Qc7 12.e4 e5 13.g3 Rfe8 14.dxe5 Nxe5 15.Bg5 Nxf3+
16.Bxf3 Be5 17.Bxf6 gxf6 18.Bg4  1/2-1/2

[Event "XIX Carlos Torre Mem"]
[Site "Merida MEX"]
[Date "2006.12.15"]
[Round "3"]
[White "Arencibia,W"]
[Black "Perez,Rod"]
[Result "0-1"]
[WhiteElo "2530"]
[BlackElo "2385"]

1.d4 d5 2.c4 c6 3.Nc3 Nf6 4.e3 e6 5.Nf3 Nbd7 6.Qc2 Bd6 7.Bd2 O-O 8.h3 e5
9.cxd5 Nxd5 10.Nxd5 cxd5 11.dxe5 Nxe5 12.Bc3 Nxf3+ 13.gxf3 d4 14.Bxd4 Bb4+
15.Kd1 Be6 16.Rg1 g6 17.Bd3 Re8 18.Rc1 Rc8 19.Qa4 Bc5 20.Rxc5 Rxc5 21.Ke2 Ra5
22.Qb4 b6 23.Bc3 Rc5 24.Qf4 Qc7 25.Qf6 Rxc3 26.bxc3 Rc8 27.Rc1 Bxh3 28.f4 Rd8
29.f3 Be6 30.c4 Qd6 31.Rc3 Rd7 32.a3 Qc5 33.Qg5 Rc7 34.Qd8+ Kg7 35.Qd4+ f6
36.Qxc5 Rxc5 37.Rc2 Ra5 38.Rc3 g5 39.fxg5 fxg5 40.Kf2 h5 41.f4 Kf6 42.Kf3 h4
43.e4 gxf4 44.Kxf4 Rg5 45.Rc2 Rg4+ 46.Ke3 Ke5 47.c5 Rg3+ 48.Kd2 Rg2+  0-1

[Event "IM Multicoms"]
[Site "Paris FRA"]
[Date "2006.12.15"]
[Round "3"]
[White "Colson,A"]
[Black "Karim,I"]
[Result "0-1"]
[WhiteElo "2208"]
[BlackElo "2288"]

1.d4 d5 2.c4 c6 3.Nf3 Nf6 4.Nc3 e6 5.e3 Nbd7 6.Qc2 Bd6 7.b3 O-O 8.Bd3 Re8
9.Bb2 dxc4 10.Bxc4 h6 11.O-O-O Qe7 12.Rhg1 b5 13.Be2 Bb7 14.Kb1 Rac8 15.Ne4 c5
16.Nxd6 Qxd6 17.dxc5 Qa6 18.b4 Bd5 19.a3 e5 20.g4 Be4 21.Rd3 Bxd3 22.Bxd3 e4
23.Nd4 exd3 24.Qxd3 Ne5 25.Qxb5 Qxb5 26.Nxb5 Ne4 27.f4 Nf3 28.Rg2 a6 29.Nd4 Nxd4
30.Bxd4 Nf6 31.Kc2 Nd5 32.Kd3 Rcd8 33.Rg3 f6 34.h4 Kf7 35.Rf3 Nc7 36.a4 Ne6
37.Kc4 Nxd4 38.exd4 Re1 39.Rd3 Ra1 40.d5 Rc1+ 41.Kd4 Rb1 42.d6  0-1

[Event "13th Open A"]
[Site "Zadar CRO"]
[Date "2006.12.15"]
[Round "7"]
[White "Jovanic,O"]
[Black "Gagarin,V"]
[Result "1/2-1/2"]
[WhiteElo "2458"]
[BlackElo "2406"]

1.d4 d5 2.c4 c6 3.Nc3 Nf6 4.e3 e6 5.Nf3 Nbd7 6.Bd3 dxc4 7.Bxc4 b5 8.Bd3 Bd6
9.O-O O-O 10.Qc2 Bb7 11.Rd1 Qc7 12.e4 e5 13.h3 Rfe8 14.Bg5 exd4 15.Nxd4 Bh2+
16.Kh1 Bf4 17.Bxf4 Qxf4 18.Kg1 Qe5 19.Nce2 c5 20.Nxb5 Nxe4 21.Nec3 Ng5 22.Bf5 Nf6
23.Nd6 Re7 24.Nxb7 Rxb7 25.h4 Ne6 26.Re1 Qd4 27.Bxe6 fxe6 28.g3 Rab8 29.b3 c4
30.Ne4 Nxe4 31.Qxe4 Qxe4 32.Rxe4 cxb3 33.axb3  1/2-1/2

[Event "IM It"]
[Site "Eupen BEL"]
[Date "2006.12.16"]
[Round "9"]
[White "Kadimova,I"]
[Black "Gulbas,C"]
[Result "1-0"]
[WhiteElo "2328"]
[BlackElo "2379"]

1.d4 d5 2.c4 c6 3.Nc3 Nf6 4.e3 e6 5.Nf3 Be7 6.b3 Nbd7 7.Bd3 Bb4 8.Bd2 Qe7
9.O-O O-O 10.Re1 Rd8 11.Qc2 dxc4 12.bxc4 e5 13.e4 h6 14.Rab1 Bd6 15.d5 Nc5
16.h3 Bd7 17.Be3 Rab8 18.Rb2 Rbc8 19.Qb1 cxd5 20.cxd5 b6 21.Nd2 b5 22.Nb3 Nxd3
23.Qxd3 Ne8 24.Ne2 Ba3 25.Rc2 Rxc2 26.Qxc2 Rc8 27.Qb1 Nd6 28.Bc1 Bb4 29.Bd2 Nc4
30.Bxb4 Qxb4 31.Rc1 a5 32.Rc2 f5 33.Qc1 Rf8 34.Nd2 Nxd2 35.Qxd2 Qxe4 36.Rc7 Rf7
37.Ng3 Qb4 38.Qc2 Qd6 39.Ra7 a4 40.Qd3 g6 41.h4 h5 42.Qd2 Kh7 43.Nf1 Be8
44.Ra8 Re7 45.Qg5 e4 46.g3 Qe5 47.Ne3 Rd7 48.a3 Bf7 49.Ra6 Rd6 50.Ra7 Kg7
51.Rb7 Rf6 52.Kg2 Qd6 53.Rxb5 Qxa3 54.d6 Qxd6 55.Nxf5+ Rxf5 56.Rxf5 a3 57.Ra5 a2
58.Ra7 Qe6 59.Qd8 Qe5 60.Qa5 Qe6 61.Qc3+ Qf6 62.Qxf6+ Kxf6 63.Kf1 Ke5 64.Ke2 Kd4
65.Kd2 Bb3 66.Ra5 Kc4 67.Kc1 Kc3 68.Ra3 Kb4 69.Kb2 Bc4 70.Ra7 Be6 71.Ra6 Bf5
72.Rxa2 Kc4 73.Ra3 Kd4 74.Kc1 Be6 75.Kd2 Bc4 76.Ra4 Kd5 77.Ke3  1-0

[Event "XIX Carlos Torre Mem"]
[Site "Merida MEX"]
[Date "2006.12.16"]
[Round "4"]
[White "Vera,R"]
[Black "Perez Rodriguez,Je"]
[Result "1-0"]
[WhiteElo "2510"]
[BlackElo "2250"]

1.d4 d5 2.c4 c6 3.Nc3 Nf6 4.e3 e6 5.Nf3 Nbd7 6.Bd3 dxc4 7.Bxc4 b5 8.Bd3 Bb7
9.a3 a6 10.b4 a5 11.Rb1 axb4 12.axb4 Bd6 13.O-O Qe7 14.Bd2 O-O 15.e4 e5 16.Ne2 exd4
17.Nexd4 Ne5 18.Nf5 Nxf3+ 19.Qxf3 Qe5 20.Nxd6 Qxd6 21.Rfd1 Qe6 22.Bc3 Rfd8
23.Qg3 Qg4 24.Qc7 Qc8 25.Qf4 Qg4 26.Qxg4 Nxg4 27.Ra1 f6 28.Bc2 Ne5 29.f3 Rxa1
30.Rxa1 Bc8 31.Kf2 Be6 32.Ra6 Rc8 33.Bd4 Nd7 34.Bd3 Bc4 35.Bxc4+ bxc4 36.Ke3 c5
37.bxc5 Nxc5 38.Bxc5 Rxc5 39.Kd4 Rh5 40.h3 Rb5 41.Ra2 h5 42.Kxc4 Re5 43.Kd4 Rb5
44.f4 h4 45.e5 fxe5+ 46.fxe5 Kf7 47.Ke4 Rb1 48.Kf4 Rf1+ 49.Kg5 Re1 50.Ra7+ Kf8
51.Kf5 Rb1 52.Ra4 Rb2 53.Rg4 Rf2+ 54.Kg6 Re2 55.Kh7 Rxe5 56.Rxg7 Rh5+ 57.Kg6 Rd5
58.Rf7+ Kg8 59.Rf4 Rd7 60.Rxh4 Rg7+ 61.Kf6 Rf7+ 62.Ke5 Kg7 63.Rf4 Ra7 64.Kf5 Ra5+
65.Kg4 Kg6 66.Rb4 Rg5+ 67.Kf3 Ra5 68.Re4 Kg5 69.g3 Ra3+ 70.Re3 Ra4 71.h4+ Kf5
72.Rb3 Ra5 73.g4+ Kg6 74.Rb6+ Kg7 75.h5 Ra3+ 76.Kf4 Ra4+ 77.Kg5 Ra5+ 78.Kh4 Ra4
79.h6+  1-0

[Event "6th Amplico AIG Life"]
[Site "Warsaw POL"]
[Date "2006.12.16"]
[Round "2"]
[White "Szymanska,M"]
[Black "Dziuba,M"]
[Result "1-0"]
[WhiteElo "2191"]
[BlackElo "2535"]

1.d4 d5 2.c4 e6 3.Nc3 c6 4.e3 Nf6 5.Nf3 Nbd7 6.Bd3 dxc4 7.Bxc4 b5 8.Be2 Bb7
9.a3 a5 10.e4 b4 11.e5 bxc3 12.exf6 cxb2 13.fxg7 Bxg7 14.Bxb2 O-O 15.O-O c5
16.Rb1 Be4 17.Bd3 Bxf3 18.Qxf3 cxd4 19.Qe4 Nf6 20.Qh4 e5 21.Rfe1 Re8 22.f3 Rb8
23.a4 Rb3 24.Bb5 Re7 25.Qg5 h6 26.Qf5 d3 27.Rec1 Rc7 28.Bxe5 Rxc1+ 29.Rxc1 d2
30.Rd1 Re3 31.Kf1 Qe7 32.Bg3 Qd8 33.Bf4 Nd5 34.Rxd2 Qc7 35.Bxc7  1-0

[Event "6th Amplico AIG Life"]
[Site "Warsaw POL"]
[Date "2006.12.16"]
[Round "3"]
[White "Czerwonski,A"]
[Black "Miton,K"]
[Result "0-1"]
[WhiteElo "2382"]
[BlackElo "2638"]

1.d4 d5 2.c4 e6 3.Nf3 c6 4.e3 Nf6 5.Nc3 Nbd7 6.Qc2 Bd6 7.b3 O-O 8.Be2 Qe7
9.Bb2 b6 10.O-O Bb7 11.e4 Nxe4 12.Nxe4 dxe4 13.Qxe4 f5 14.Qc2 c5 15.Rfe1 Rad8
16.Rad1 Nf6 17.d5 Ne4 18.h3 Kh8 19.Bf1 Rde8 20.Ba1 Qf7 21.Qb2 Re7 22.dxe6 Qxe6
23.g3 Bc7 24.Bg2 Qg6 25.Qc2 Rfe8 26.Bb2 h6 27.Nh4 Qf7 28.Qc1 Kh7 29.Nf3 Qh5
30.Qc2 Kh8 31.Nh4 f4 32.Bf3 Qg5 33.Bxe4 Bxe4 34.Rxe4 Rxe4 35.Nf3 Qg6 36.g4 Re1+
37.Rxe1 Qxc2 38.Rxe8+ Kh7 39.Bxg7 Qd1+ 40.Kg2 Qd7 41.Be5 Qxe8 42.Bxc7 Qe4
43.Bb8 a6 44.Bd6 Kg6 45.Bc7 b5 46.cxb5 axb5 47.Be5  0-1

[Event "6th Amplico AIG Life"]
[Site "Warsaw POL"]
[Date "2006.12.16"]
[Round "4"]
[White "Malakhatko,V"]
[Black "Jaracz,P"]
[Result "1/2-1/2"]
[WhiteElo "2617"]
[BlackElo "2476"]

1.d4 d5 2.c4 c6 3.Nc3 Nf6 4.e3 e6 5.Nf3 Nbd7 6.Bd3 dxc4 7.Bxc4 b5 8.Bd3 Bb7
9.O-O a6 10.e4 c5 11.d5 Qc7 12.Qe2 c4 13.Bc2 Bd6 14.dxe6 fxe6 15.Nd4 Nc5
16.f4 e5 17.Nf5 O-O 18.Kh1 Ne6 19.Nxd6 Qxd6 20.fxe5 Qxe5 21.Rf5 Qc7 22.Be3 g6
23.Rf2 Qe5 24.Bh6 Nd4 25.Qd1 Nxc2 26.Bxf8 Nxa1 27.Bd6 Nxe4 28.Nxe4 Qxe4 29.Qxa1 Rd8
30.Bb4 Qg4 31.Qf1 Rd1 32.Rf8+ Kg7 33.Rf7+ Kh6 34.Bf8+ Kg5 35.Be7+ Kh6  1/2-1/2

[Event "6th Amplico AIG Life"]
[Site "Warsaw POL"]
[Date "2006.12.16"]
[Round "4"]
[White "Kempinski,R"]
[Black "Rogule,L"]
[Result "1-0"]
[WhiteElo "2590"]
[BlackElo "2337"]

1.d4 d5 2.c4 e6 3.Nc3 Nf6 4.Nf3 c6 5.e3 Nbd7 6.Bd3 dxc4 7.Bxc4 b5 8.Bd3 a6
9.a4 Bb7 10.O-O Bd6 11.Bd2 O-O 12.Rc1 Rc8 13.Ne4 Nxe4 14.Bxe4 Nf6 15.Bd3 bxa4
16.e4 Nd7 17.e5 Be7 18.Be4 Ba8 19.Qxa4 c5 20.Bxa8 Rxa8 21.Rfd1 cxd4 22.Ba5 Qe8
23.Qxd4 Nb8 24.Qb6 Qb5 25.Qc7 Bb4 26.Bxb4 Qxb4 27.Rd8 a5 28.Qc8 h6 29.h3 Qe7
30.Rcd1 a4 31.Rxf8+ Qxf8 32.Rd8  1-0

[Event "6th Amplico AIG Life"]
[Site "Warsaw POL"]
[Date "2006.12.16"]
[Round "5"]
[White "Schmidt,Wl"]
[Black "Kempinski,R"]
[Result "1-0"]
[WhiteElo "2435"]
[BlackElo "2590"]

1.d4 d5 2.c4 e6 3.Nc3 c6 4.e3 Nf6 5.Nf3 a6 6.b3 Bb4 7.Bd2 O-O 8.Bd3 Nbd7
9.O-O Bd6 10.e4 dxc4 11.bxc4 e5 12.c5 Bc7 13.Na4 exd4 14.h3 Re8 15.Re1 Nh5
16.e5 g6 17.g4 Nxe5 18.Nxe5 Bxe5 19.Nb6 Rb8 20.gxh5 Bxh3 21.Qf3 Qh4 22.Re4 Qxh5
23.Qxh5 gxh5 24.Rae1 Bf5 25.Nd7 Bxe4 26.Rxe4 Bg7 27.Nxb8 Rxb8 28.Bf4 Rd8
29.Re7 Bf8 30.Rxb7 Bxc5 31.Bc4 Bd6 32.Bh6 Kh8 33.Bxf7 Rb8 34.Rxb8+ Bxb8 35.Bxh5 a5
36.Be2 Be5 37.Kg2 Bg7 38.Bxg7+ Kxg7 39.Kf3 Kf6 40.Ke4 c5 41.Kd5 h5 42.Kxc5  1-0

[Event "XIX Carlos Torre Mem"]
[Site "Merida MEX"]
[Date "2006.12.17"]
[Round "5"]
[White "Escobedo Tinajero,A"]
[Black "Georgiev,Vl"]
[Result "0-1"]
[WhiteElo "2383"]
[BlackElo "2532"]

1.d4 d5 2.c4 c6 3.Nc3 Nf6 4.Nf3 e6 5.e3 Nbd7 6.Qc2 Bd6 7.g4 h6 8.Bd2 dxc4
9.Bxc4 b5 10.Be2 Bb7 11.Rg1 Rc8 12.g5 hxg5 13.Rxg5 b4 14.Na4 c5 15.Nxc5 Bxc5
16.dxc5 Ne4 17.Rxg7 Qf6 18.Rg4 Rxc5 19.Qa4 Nxd2 20.Nxd2 Rxh2 21.Rf4 Qxb2
22.Rd1 Rh1+ 23.Bf1 Bc6 24.Qxb4 Qxb4 25.Rxb4 Ne5 26.Rb8+ Ke7 27.f4 Nf3+ 28.Nxf3 Bxf3
29.Rdb1 Rc2 30.R8b2 Bg2 31.Rxc2 Rxf1+ 32.Kd2 Rxb1 33.Rc7+ Kd6 34.Rxa7 Bb7
35.e4 Kc5 36.Ra5+ Kb6 37.Ra4 Bc6  0-1

[Event "IM Multicoms"]
[Site "Paris FRA"]
[Date "2006.12.17"]
[Round "5"]
[White "Tissir,M"]
[Black "Karim,I"]
[Result "1/2-1/2"]
[WhiteElo "2490"]
[BlackElo "2288"]

1.Nf3 d5 2.c4 c6 3.e3 Nf6 4.Nc3 e6 5.d4 Nbd7 6.b3 Bd6 7.Qc2 O-O 8.Be2 Re8
9.O-O dxc4 10.Bxc4 h6 11.Bb2 b5 12.Bd3 Qe7  1/2-1/2

[Event "6th Amplico AIG Life 5th-8th"]
[Site "Warsaw POL"]
[Date "2006.12.17"]
[Round "2"]
[White "Aleksandrov,A"]
[Black "Miton,K"]
[Result "1/2-1/2"]
[WhiteElo "2619"]
[BlackElo "2638"]

1.d4 d5 2.c4 c6 3.Nc3 Nf6 4.e3 e6 5.Nf3 Nbd7 6.Bd3 dxc4 7.Bxc4 b5 8.Be2 Bb7
9.O-O a6 10.e4 c5 11.d5 e5 12.Qc2 c4 13.Bg5 Qb6 14.a4 Bd6 15.axb5 axb5 16.Rxa8+ Bxa8
17.b3 cxb3 18.Qxb3 b4 19.Be3 Qb8 20.Nb5 Nxe4 21.Qc4 Ndf6 22.Ng5 Nc3 23.Nxd6+ Qxd6
24.Bf3 O-O 25.Bc5 Rc8 26.Ra1 Bxd5 27.Qxb4 Qc6 28.Qxc3 e4 29.Nxe4 Nxe4 30.Bxe4 Bxe4
31.f3 Qxc5+ 32.Qxc5  1/2-1/2

[Event "6th Amplico AIG Life Final"]
[Site "Warsaw POL"]
[Date "2006.12.17"]
[Round "2"]
[White "Drozdovskij,Y"]
[Black "Malakhatko,V"]
[Result "1-0"]
[WhiteElo "2561"]
[BlackElo "2617"]

1.d4 d5 2.c4 e6 3.Nf3 Nf6 4.Nc3 c6 5.e3 a6 6.b3 Bb4 7.Bd2 Nbd7 8.Bd3 O-O
9.O-O Bd6 10.e4 dxc4 11.bxc4 e5 12.d5 Nc5 13.Bc2 cxd5 14.cxd5 Bg4 15.h3 Bh5
16.a4 Rc8 17.Qe2 Nfd7 18.Rfb1 Rc7 19.Rb2 Qe7 20.Qe3 Rfc8 21.Ne2 Bxf3 22.Qxf3 b6
23.Ng3 g6 24.Bd1 Nb7 25.Be2 a5 26.Ba6 Ra8 27.Bxb7 Rxb7 28.Be3 Bc5 29.Ne2 Rc8
30.Nc3 Bxe3 31.Qxe3 Qc5 32.Qxc5 Rxc5 33.Nb5 Kf8 34.f3 Ke7 35.Rb3 f5 36.Rc3 Rxc3
37.Nxc3 Rc7 38.d6+ Kxd6 39.Nb5+ Kc6 40.Nxc7 Kxc7 41.exf5 gxf5 42.g4 fxg4
43.fxg4 Nc5 44.Kf2 Kd6 45.Ke3 Ke6 46.h4 Kf6 47.Rf1+ Kg7 48.Rd1 Nxa4 49.Rd7+ Kg6
50.Rb7 h6 51.Rb8 Kf6 52.Kf3 Ke6 53.Rh8 Kd5 54.Rxh6 e4+ 55.Ke3  1-0

[Event "6th Amplico AIG Life"]
[Site "Warsaw POL"]
[Date "2006.12.17"]
[Round "9"]
[White "Czerwonski,A"]
[Black "Siembab,B"]
[Result "1-0"]
[WhiteElo "2382"]
[BlackElo "2190"]

1.d4 d5 2.c4 c6 3.Nf3 Nf6 4.e3 e6 5.Nc3 Be7 6.Qc2 O-O 7.b3 c5 8.cxd5 exd5
9.Bd3 Nc6 10.O-O Nb4 11.Qb1 Nxd3 12.Qxd3 b6 13.Bb2 Bb7 14.Rac1 Rc8 15.Ne5 Nd7
16.Rfd1 Bf6 17.Nxd7 Qxd7 18.dxc5 Rfd8 19.cxb6 axb6 20.Na4 Bxb2 21.Nxb2 Rxc1
22.Rxc1 d4 23.Qxd4 Qe7 24.Qxb6 Rd2 25.Nc4 Qe4 26.f3 Rxg2+ 27.Kh1 Qd5 28.e4 Qg5
29.Qxb7 f6 30.Qd5+  1-0

[Event "6th Amplico AIG Life"]
[Site "Warsaw POL"]
[Date "2006.12.17"]
[Round "10"]
[White "Kempinski,R"]
[Black "Dziuba,M"]
[Result "1-0"]
[WhiteElo "2590"]
[BlackElo "2535"]

1.d4 d5 2.c4 e6 3.Nc3 c6 4.e3 Nf6 5.Nf3 Nbd7 6.Bd3 dxc4 7.Bxc4 b5 8.Bd3 a6
9.a4 Bb7 10.O-O b4 11.Ne4 c5 12.Nxf6+ Nxf6 13.dxc5 Bxc5 14.Qe2 Ne4 15.Rd1 Qe7
16.Nd2 Nf6 17.Nb3 O-O 18.e4 h6 19.Bf4 Rfd8 20.Nxc5 Qxc5 21.Rac1 Qe7 22.f3 b3
23.a5 Rd7 24.Be3 Qb4 25.Bb6 Rc8 26.Rxc8+ Bxc8 27.Rc1 Bb7 28.Rc4 Qe7 29.Qe3 Nh5
30.g3 Qf6 31.Rc3 Qe5 32.Qc5 Qg5 33.Rxb3  1-0

[Event "6th Amplico AIG Life"]
[Site "Warsaw POL"]
[Date "2006.12.17"]
[Round "12"]
[White "Ajrapetjan,Y"]
[Black "Tvarijonas,P"]
[Result "1-0"]
[WhiteElo "2403"]
[BlackElo "2229"]

1.d4 d5 2.c4 c6 3.Nf3 Nf6 4.e3 e6 5.Nc3 Be7 6.Bd3 O-O 7.O-O Nbd7 8.Qc2 b6
9.e4 h6 10.e5 Ne8 11.cxd5 cxd5 12.Be3 f5 13.exf6 Nexf6 14.h3 Bb7 15.Qd2 Rc8
16.Rfe1 Bd6 17.Bxh6 gxh6 18.Rxe6 Bb8 19.Qxh6 Rf7 20.Rae1 Qf8 21.Qh4 Rg7 22.Ne5 Bxe5
23.dxe5 Ne4 24.Bxe4 dxe4 25.Rh6 Qf3 26.g3 Nxe5 27.Rh8+ Kf7 28.Rxc8 Bxc8 29.Nxe4 Nd3
30.Re3 Qd1+ 31.Kh2 Bd7 32.Nd6+ Kg8 33.Qc4+ Kh8 34.Qxd3 Qh5 35.h4 Qg4 36.Qe4 Qd1
37.Rd3 Qf1 38.Rd2 Qc1 39.Qe3 Qc6 40.Ne4 Bc8 41.Rd8+ Kh7 42.Rd6 Qc7 43.Rh6+ Kg8
44.Nf6+ Kf7 45.Qe8+  1-0

[Event "44th National A ch-IND"]
[Site "Atul IND"]
[Date "2006.12.20"]
[Round "3"]
[White "Thejkumar,M"]
[Black "Ravi,L"]
[Result "0-1"]
[WhiteElo "2322"]
[BlackElo "2408"]

1.d4 d5 2.c4 c6 3.Nc3 Nf6 4.e3 e6 5.Nf3 a6 6.Bd3 b5 7.b3 Nbd7 8.O-O Bd6 9.a3 O-O
10.e4 bxc4 11.bxc4 dxc4 12.Bxc4 e5 13.Ba2 Qa5 14.Bd2 Qc7 15.d5 Bb7 16.Rc1 Bxa3
17.dxc6 Qxc6 18.Rb1 Rab8 19.Ng5 Nc5 20.Qf3 Qc7 21.Nd5 Bxd5 22.exd5 Bb2 23.Be3 Bd4
24.Rxb8 Qxb8 25.Rb1 Qd6 26.Rd1 h6 27.Nh3 Bxe3 28.fxe3 Rb8 29.Bc4 a5 30.Nf2 a4
31.Qe2 a3 32.Qa2 Nce4 33.Nxe4 Nxe4 34.Qc2 Nf6 35.Bd3 e4 36.Bxe4 Ng4  0-1